000
00292nam a22001337a 4500
003
SGT
020
_a
9788123911922
082
_a
729
_b
SEE
100
_a
SEETHARAMAN PRASAD
245
_a
INTERIOR DESIGN AND DECORATION
260
_a
INDIA
_b
CBS PUB.
_c
2025
300
_a
336
942
_2
ddc
_c
BK
999
_c
32140
_d
32140